Rayas de agua dulce (Potamotrygonidae) de Suramérica (Registro nro. 19461)

Detalles MARC
000 -CABECERA
Campo de control 04024nam a2200577 a 4500
005 - FECHA Y HORA DE LA ULTIMA TRANSACCION
Campo de control 20200104041755.0
008 - ELEMENTOS DE LONGITUD FIJA—INFORMACION GENERAL
Campo de control 170405s2016 ck abd||r|||| 00| 0 spa d
020 ## - ISBN
ISBN 9789588889986 (impreso)
020 ## - ISBN
ISBN 9789588889993 (digital)
040 ## - FUENTE DE CATALOGACIÓN
Agencia catalogadora original CO-BoIAVH
Agencia transcriptora CO-BoIAVH
041 0# - IDIOMA
Código de idioma para texto/pista de sonido o título separado Español
044 ## - PAÍS DE PUBLICACIÓN
País de publicación Colombia
082 04 - NUMERO DE CLASIFICACION DECIMAL DEWEY
Número de clasificación 597.176
Número del ítem L347r1
245 00 - MENCION DE TITULO
Título Rayas de agua dulce (Potamotrygonidae) de Suramérica
Parte restante del título Parte II : Colombia, Brasil, Perú, Bolivia, Paraguay, Uruguay y Argentina /
Mención de responsabilidad editado por Carlos A. Lasso [y otros 4]
260 ## - PUBLICACION, DISTRIBUCION, ETC. (PIE DE IMPRENTA)
Lugar de publicación, distribución, etc. Bogotá (Colombia) :
Nombre del editor, distribuidor, etc. Instituto de Investigación de Recursos Biológicos Alexander von Humboldt,
Fecha de publicación, distribución, etc. 2016.
300 ## - DESCRIPCION FISICA
Extensión 434 páginas :
Otros detalles físicos ilustraciones a color, tablas, gráficas y fotografías a color ;
Dimensiones 25 x 17 cm.
490 0# - MENCION DE SERIE
Mención de serie Serie recursos hidrobiológicos y pesqueros continentales de Colombia ;
Designación numérica/secuencial del volumen XV
504 ## - NOTA DE BIBLIOGRAFIA, ETC.
Nota de bibliografía Incluye referencias bibliográficas.
505 0# - NOTA DE CONTENIDO
Nota de contenido 1. Ecofisiología de las rayas de agua dulce (Potamotrygonidae): mecanismos de interacción organismo-ambiente.
505 0# - NOTA DE CONTENIDO
Nota de contenido 2. Alimentación y comportamiento depredatorio de las rayas (Potamorygonidae).
505 0# - NOTA DE CONTENIDO
Nota de contenido 3. Parásitos de rayas de agua dulce (Potamotrygonidae): estado actual del conocimiento y lista de especies.
505 0# - NOTA DE CONTENIDO
Nota de contenido 4. Claves para la identificación de las rayas de agua dulce (Potamotrygonidae).
505 0# - NOTA DE CONTENIDO
Nota de contenido 5. Catálogo de especies.
505 0# - NOTA DE CONTENIDO
Nota de contenido 6. La familia Potamotrygonidae en Argentina, Paraguay y Uruguay.
505 0# - NOTA DE CONTENIDO
Nota de contenido 7. La raya gigante o raya boba, Potatrygon brochyura (Günther 1880) del río Paraná medio, Argentina..
505 0# - NOTA DE CONTENIDO
Nota de contenido 8. Diversidad, uso y conservación de las rayas (Mylobatiformes: Potamotrygonidae).
505 0# - NOTA DE CONTENIDO
Nota de contenido 9. Rayas del alto Paraná, Brasil: distribución histórica y actual, y consecuencias de los procesos de colonización el cuenca.
505 0# - NOTA DE CONTENIDO
Nota de contenido 10. Alimentación, percepción humana y usos de Potatotrygon signata Garman, 1913 en la cuenca del río Paranaíba, noreste de Brasil.
505 0# - NOTA DE CONTENIDO
Nota de contenido 11. Biología e historia natural de Potamotrygon wallacei (Carvalho, Rosa e Araújo, 2016) en la cuenca de Río Negro, Amazonia central, Brasil.
505 0# - NOTA DE CONTENIDO
Nota de contenido 12. Avances en el conocimiento de Potamotrygon magdalenae (Duméril, 1865), raya dulceacuícola endémica de Colombia.
505 0# - NOTA DE CONTENIDO
Nota de contenido 13. Aspectos sobre la historia natural de las rayas de agua dulce en el área de influencia de los municipios de Puerto Carreño (Vichada) e Inírida (Guainía), Orinoquia colombiana.
505 0# - NOTA DE CONTENIDO
Nota de contenido 14. Diversidad de rayas de agua dulce (Potamotrygonidae) en el río Amazonas colombiano: resultados preliminares.
505 0# - NOTA DE CONTENIDO
Nota de contenido 15. Estructura poblacional y diversidad genética de la raya Potamotrygon motoro (Müller y Henle, 1841) (Myliobatiformes, Potamotrygonidae) en las cuencas del Orinoco y Amazonas (Colombia)
505 0# - NOTA DE CONTENIDO
Nota de contenido 16. Ensayos de producción en cautiverio de la raya motoro (Potamotrygon motoro Müller y Henle, 1841) <br/>(Potamotrygonidae) en la Fundación Orinoquia, Puerto Carreño-Vichada, Colombia.
505 0# - NOTA DE CONTENIDO
Nota de contenido 17. Diversidad y conservación de las rayas (Potamotrygonidae) en Loreto - Perú: aspectos taxonómicos, ecológicos y pesqueros.
505 0# - NOTA DE CONTENIDO
Nota de contenido 18. Marco normativo y comercio de las rayas de agua dulce (Potamotrygonidae) en Argentina, Paraguay y Uruguay, y nuevas consideraciones sobre CITES.
650 26 - ASIENTO SECUNDARIO DE MATERIA - TERMINO TEMATICO
Término temático o nombre geográfico como elemento de entrada Ictiología
9 (RLIN) 11437
650 24 - ASIENTO SECUNDARIO DE MATERIA - TERMINO TEMATICO
Término temático o nombre geográfico como elemento de entrada Conservación
9 (RLIN) 92401
650 24 - ASIENTO SECUNDARIO DE MATERIA - TERMINO TEMATICO
Término temático o nombre geográfico como elemento de entrada Rayas de agua dulce
Subdivisión general ecofisiología
9 (RLIN) 80936
650 26 - ASIENTO SECUNDARIO DE MATERIA - TERMINO TEMATICO
Término temático o nombre geográfico como elemento de entrada Potamotrygonidae
Subdivisión geográfica América del Sur
9 (RLIN) 80937
650 24 - ASIENTO SECUNDARIO DE MATERIA - TERMINO TEMATICO
Término temático o nombre geográfico como elemento de entrada Rayas
Subdivisión general estado del conocimiento
9 (RLIN) 80938
650 26 - ASIENTO SECUNDARIO DE MATERIA - TERMINO TEMATICO
Término temático o nombre geográfico como elemento de entrada Taxonomía
9 (RLIN) 92343
651 #6 - ASIENTO SECUNDARIO DE MATERIA - NOMBRE GEOGRAFICO
Nombre geográfico América del Sur
9 (RLIN) 34208
700 1# - ASIENTO SECUNDARIO - NOMBRE PERSONAL
Nombre personal Lasso, Carlos A.
Término de relación editor
9 (RLIN) 242
700 1# - ASIENTO SECUNDARIO - NOMBRE PERSONAL
Nombre personal Rosa, Ricardo
Término de relación editor
9 (RLIN) 80923
700 1# - ASIENTO SECUNDARIO - NOMBRE PERSONAL
Nombre personal Morales-Betancourt, Mónica
Término de relación editora
9 (RLIN) 5946
700 1# - ASIENTO SECUNDARIO - NOMBRE PERSONAL
Nombre personal Garme-Neto, Domingos
Término de relación editor
9 (RLIN) 80924
700 1# - ASIENTO SECUNDARIO - NOMBRE PERSONAL
Nombre personal Carvalho, Marcelo
Término de relación editor
9 (RLIN) 80940
710 2# - ASIENTO SECUNDARIO - NOMBRE CORPORATIVO
Nombre corporativo o de jurisdicción como elemento de entrada Instituto de Investigación de Recursos Biológicos Alexander von Humboldt
9 (RLIN) 204
942 ## - ELEMENTOS ADICIONALES (KOHA)
Sistema de clasificación Dewey Decimal Classification
Tipo de ítem Libro
Koha issues (borrowed), all copies 1
Existencias
Withdrawn status Lost status Sistema de Clasificación Damaged status No para préstamo Colección Ubicación Permanente Ubicación actual Fecha de adquisición Total Checkouts Número topográfico Inventario / Código de Barras Date last seen Ejemplar Price effective from Forma de adquisición Tipo de material Inventariado Fuente de Valor Valor Date checked out
    Dewey Decimal Classification     Humboldt Bogotá Bogotá 05/04/2017   IAVH-597.176 L347r1 041153 05/04/2017 Ej. 1 05/04/2017 Institucional Libro        
    Dewey Decimal Classification     Humboldt Sala Fabio Quevedo Sala Fabio Quevedo 05/04/2017 1 IAVH-597.176 L347r1 041154 22/09/2017 Ej. 2 05/04/2017 Institucional Libro Inventariado 2017 Instituto 39000.00 22/09/2017
    Dewey Decimal Classification     Humboldt Villa de Leyva Villa de Leyva 30/08/2017   IAVH-597.176 L347r1 042814 30/08/2017 Ej. 3 30/08/2017 Institucional Libro Inventariado 2017 Instituto 39000.00